| 000 | 00725nam a22002537a 4500 | ||
|---|---|---|---|
| 005 | 20250724110852.0 | ||
| 008 | 250724b |||||||| |||| 00| 0 eng d | ||
| 020 |
_a9780387948577 _qhbk |
||
| 041 | _aEng | ||
| 082 |
_a501 _bWAL |
||
| 100 | W | _aDaniel Walgraef | |
| 245 |
_aSpatio- Temporal Pattern Formation _b: with examples from physics, chemistry, and materials science1st _cWalgraef Daniel |
||
| 250 | _a1st ed., | ||
| 260 |
_aBelgium _bSpringer _c1996 |
||
| 300 | _a306p. | ||
| 650 | _aChaotic Behavior In Systems | ||
| 650 | _aBiology | ||
| 650 | _apattern formation | ||
| 650 | _aSpatial analysis | ||
| 650 | _aNonlinear thoeries | ||
| 650 | _aHydrodynamics | ||
| 700 | _aDaniel Walgraef | ||
| 942 | _cREF | ||
| 999 |
_c577256 _d577256 |
||